01000 a2200217 4500003000400000005001700004008004100021020001800062040000900080082003000089100004300119245022500162264014500387300003600532504002800568650002600596650005000622650004500672700003500717700003000752OSt20230322104917.0220726s2016 mx a||||r|||| 00| 0 spa d a9786079161286 cCHAP04a333.953213097267bJ562221 aJiménez Márquez, María del Pilar10aElementos territoriales del desarrollo rural :bel tejido productivo de vainilla en el sur de Quintana Roo, México /cpor María del Pilar Jiménez Márquez, Héctor Manuel Cortez Yacila y Minerva Alavez San Pedro. 1aMéxico, D.F. :aQuintana Roo, México :aTlaxcala, México :bPlaza y Valdés;bUniversidad del Caribe;bEl Colegio de Tlaxcala,c2016. a102 páginas.bcuadros, mapas. aIncluye bibliografía. 2aVainillaxRendimiento 2aVainillaxAspectos económicoszQuintana Roo 2aDesarrollo de la comunidadzQuintana Roo1 aCortez Yacila, Héctor Manuel1 aAlavez San Pedro, Minerva